| Поле | Название | Значение |
| |
Тип записи |
c |
| |
Библиографический уровень |
m |
| 001 |
Контрольный номер |
RU/УОНБ/EK_N/414778442 |
| 005 |
Дата корректировки |
20240130235047.7 |
| 010 |
Индекс ISBN |
__ |
| 9 |
Тираж |
2500 экз. |
| 013 |
Номер (ISMN) |
__ |
| a |
Номер (ISMN) |
979-0-66003-000-4 |
| d |
Цена |
264 р. |
| 100 |
Данные общей обработки |
__ |
| a |
Данные общей обработки |
20130220d2011 u y0rusy0103||||ca |
| 101 |
Язык документа |
0_ |
| a |
Язык текста |
rus |
| f |
Язык титульного листа |
rus |
| 102 |
Страна публикации |
__ |
| a |
Страна публикации |
RU |
| 125 |
Кодированные данные звукозаписи и нотных изданий |
__ |
| a |
Форма изложения нотного текста |
m| |
| 128 |
Кодированные данные (звукозаписи-физические характеристики) |
__ |
| a |
Кодированные данные: Музыкальная форма и тональность или лад |
ccn |
| c |
Инструменты или голоса, рекомендуемые для солистов (устаревшее) |
kt|| |
| c |
Инструменты или голоса, рекомендуемые для солистов (устаревшее) |
tb|| |
| 200 |
Заглавие и сведения об ответственности |
1_ |
| a |
Заглавие |
Лучшие песни о главном |
| b |
Общее обозначение материала |
[Ноты] |
| e |
Сведения, относящиеся к заглавию |
попул. песни под гитару, баян (аккордеон) |
| e |
Сведения, относящиеся к заглавию |
облегч. варианты аккомпанемента с нотами и аккордами |
| e |
Сведения, относящиеся к заглавию |
[с букв.-цифр. обознач. и схемами аккордов с указаниями основных и вспом. басов] |
| e |
Сведения, относящиеся к заглавию |
учеб.-методич. пособие |
| f |
Первые сведения об ответственности |
сост. и обраб. Б. Павленко |
| 210 |
Выходные данные |
1_ |
| a |
Место издания |
Ростов-на-Дону |
| c |
Издательство |
Феникс |
| d |
Дата издания |
2011 |
| 215 |
Физическое описание |
__ |
| a |
Объем |
120 c. |
| d |
Формат |
29 см |
| 225 |
Серия |
1_ |
| a |
Серия |
Любимые мелодии |
| 327 |
Примечание о содержании |
11 |
| a |
Примечание о содержании |
Содерж. : муз. произведения, используемые в качестве иллюстраций : Дунаевский И. Как много девушек хороших : из кф. "Веселые ребята" ; Песенка о капитане : из кф. "Дети капитана Гранта" / сл. В. Лебедева-Кумача. - Фельцман О. На тебе сошелся клином белый свет : из кф. "Большая руда" / сл. М. Танича. - Катаев И. Стою на полустаночке : из тф. "День за днем" / сл. М. Анчарова. - Петров А. Я шагаю по Москве : из одноименного кф. / сл. Г. Шпаликова. - Френкель Я. Вальс расставания : из кф. "Женщины" / сл. К. Ваншенкина. - Птичкин Е. Эхо любви : из кф. "Судьба" / сл. Р. Рождественского. - Фельцман О. Черное море мое : из кф. "Матрос с кометы" / сл. М. Матусовского. - Мокроусов Б. Поручение : из кф. "Испытание верности" / сл. М. Матусовского. - С той поры, как мы увиделись с тобой... : из кф. "Первая перчатка" / сл. В. Лебедева-Кумача. - Колмановский Э. Черное и белое : из тф. "Большая перемена" / сл. М. Танича. - Мокроусов Б. На крылечке твоем : из кф. "Свадьба с приданым" / сл. А. Фатьянова. - Сидоров В. Дружба : из реперт. К. Шульженко / сл. А. Шмульяна. - Шаинский В. Когда цвели сады : из реперт. А. Герман / сл. М. Рябинина. - Аедоницкий П. Серебряные свадьбы : из реперт. В. Толкуновой / сл. Е. Шевелевой. - Добрынин В. Ягода-малина / сл. М. Пляцковского. - Ханок Э. Малиновка / сл. А. Поперечного. - Птичкин Е. Сладка ягода / сл. Р. Рождественского. - Кукин Ю. А я еду за туманом. - Хренников Т. Московские окна / сл. М. Матусовского. - Санторо К. Песенка шофера / сл. Л. Дербенева. |
| 464 |
Аналитический уровень |
_0 |
| 1 |
|
2001 |
| a |
|
Как много девушек хороших |
| e |
|
Как много девушек хороших... |
| e |
|
из кф. "Веселые ребята" |
| 1 |
|
700 1 |
| a |
|
Дунаевский |
| b |
|
И. |
| 1 |
|
702 1 |
| a |
|
Лебедев-Кумач |
| b |
|
В. |
| 4 |
|
520 |
| 1 |
|
50010 |
| a |
|
Веселые ребята |
| 464 |
Аналитический уровень |
_0 |
| 1 |
|
2001 |
| a |
|
На тебе сошелся клином белый свет |
| e |
|
На тебе сошелся клином белый свет... |
| e |
|
из кф. "Большая руда" |
| 1 |
|
700 1 |
| a |
|
Фельцман |
| b |
|
О. |
| 1 |
|
702 1 |
| a |
|
Танич |
| b |
|
М. |
| 4 |
|
520 |
| 1 |
|
50010 |
| a |
|
Большая руда |
| 464 |
Аналитический уровень |
_0 |
| 1 |
|
2001 |
| a |
|
Стою на полустаночке |
| e |
|
Стою на полустаночке... |
| e |
|
из тф. "День за днем" |
| 1 |
|
700 1 |
| a |
|
Катаев |
| b |
|
И. |
| 1 |
|
702 1 |
| a |
|
Анчаров |
| b |
|
М. |
| 4 |
|
520 |
| 1 |
|
50010 |
| a |
|
День за днем |
| 464 |
Аналитический уровень |
_0 |
| 1 |
|
2001 |
| a |
|
Я шагаю по Москве |
| e |
|
Бывает все на свете хорошо... |
| e |
|
из кф. "Я шагаю по Москве" |
| 1 |
|
700 1 |
| a |
|
Петров |
| b |
|
А. |
| 1 |
|
702 |
| a |
|
Шпаликов |
| b |
|
Г. |
| 4 |
|
520 |
| 1 |
|
50010 |
| a |
|
Я шагаю по Москве |
| 464 |
Аналитический уровень |
_0 |
| 1 |
|
2001 |
| a |
|
Вальс расставания |
| e |
|
Слышишь, тревожные дуют ветра?.. |
| e |
|
из кф. "Женщины" |
| 1 |
|
700 1 |
| a |
|
Френкель |
| b |
|
Я. |
| 1 |
|
702 1 |
| a |
|
Ваншенкин |
| b |
|
К. |
| 4 |
|
520 |
| 1 |
|
50010 |
| a |
|
Женщины |
| 464 |
Аналитический уровень |
_0 |
| 1 |
|
2001 |
| a |
|
Эхо любви |
| a |
|
Покроется небо пылинками звезд... |
| e |
|
из кф. "Судьба" |
| 1 |
|
700 1 |
| a |
|
Птичкин |
| b |
|
Е. |
| 1 |
|
702 1 |
| a |
|
Рождественский |
| b |
|
Р. |
| 4 |
|
520 |
| 1 |
|
50010 |
| a |
|
Судьба |
| 464 |
Аналитический уровень |
_0 |
| 1 |
|
2001 |
| a |
|
Черное море мое |
| e |
|
Тот, кто рожден был у моря... |
| e |
|
из кф. "Матрос с кометы" |
| 1 |
|
700 1 |
| a |
|
Фельцман |
| b |
|
О. |
| 1 |
|
702 1 |
| a |
|
Матусовский |
| b |
|
М. |
| 4 |
|
520 |
| 1 |
|
50010 |
| a |
|
Матрос с кометы |
| 464 |
Аналитический уровень |
_0 |
| 1 |
|
2001 |
| a |
|
С той поры, как мы увиделись с тобой... |
| e |
|
из кф. "Первая перчатка" |
| 1 |
|
700 1 |
| a |
|
Соловьев-Седой |
| b |
|
В. |
| 1 |
|
702 1 |
| a |
|
Лебедев-Кумач |
| b |
|
В. |
| 4 |
|
520 |
| 1 |
|
50010 |
| a |
|
Первая перчатка |
| 464 |
Аналитический уровень |
_0 |
| 1 |
|
2001 |
| a |
|
Черное и белое |
| e |
|
Кто ошибется? Кто угадает?.. |
| e |
|
из тф. "Большая перемена" |
| 1 |
|
700 1 |
| a |
|
Колмановский |
| b |
|
Э. |
| 1 |
|
702 1 |
| a |
|
Танич |
| b |
|
М. |
| 4 |
|
520 |
| 1 |
|
50010 |
| a |
|
Большая перемена |
| 464 |
Аналитический уровень |
_0 |
| 1 |
|
2001 |
| a |
|
На крылечке твоем |
| e |
|
На крылечке твоем... |
| e |
|
из кф. "Свадьба с приданым" |
| 1 |
|
700 |
| a |
|
Мокроусов |
| b |
|
Б. |
| 1 |
|
702 1 |
| a |
|
Фатьянов |
| b |
|
А. |
| 4 |
|
520 |
| 1 |
|
50010 |
| a |
|
Свадьба с приданым |
| 464 |
Аналитический уровень |
_0 |
| 1 |
|
2001 |
| a |
|
Дружба |
| e |
|
Когда простым и нежным взором... |
| e |
|
из реперт. К. Шульженко |
| 1 |
|
700 1 |
| a |
|
Сидоров |
| b |
|
В. |
| 1 |
|
702 1 |
| a |
|
Шмульян |
| b |
|
А. |
| 4 |
|
520 |
| 1 |
|
702 1 |
| a |
|
Шульженко |
| b |
|
К. |
| 4 |
|
590 |
| 464 |
Аналитический уровень |
_0 |
| 1 |
|
2001 |
| a |
|
Когда цвели сады |
| e |
|
Дурманом сладким веяло... |
| e |
|
из реперт. А. Герман |
| 1 |
|
700 1 |
| a |
|
Шаинский |
| b |
|
В. |
| 1 |
|
702 1 |
| a |
|
Рябинин |
| b |
|
М. |
| 4 |
|
520 |
| 1 |
|
702 1 |
| a |
|
Герман |
| b |
|
А. |
| 4 |
|
590 |
| 464 |
Аналитический уровень |
_0 |
| 1 |
|
2001 |
| a |
|
Серебряные свадьбы |
| e |
|
Возможно, мы обряды знаем слабо... |
| e |
|
из реперт. В. Толкуновой |
| 1 |
|
700 1 |
| a |
|
Аедоницкий |
| b |
|
П. |
| 1 |
|
702 1 |
| a |
|
Шевелева |
| b |
|
Е. |
| 4 |
|
520 |
| 1 |
|
702 1 |
| a |
|
Толкунова |
| b |
|
В. |
| 4 |
|
590 |
| 464 |
Аналитический уровень |
_0 |
| 1 |
|
2001 |
| a |
|
Ягода-малина |
| e |
|
Может, помнишь тот сказочный сон... |
| 1 |
|
700 1 |
| a |
|
Добрынин |
| b |
|
В. |
| 1 |
|
702 1 |
| a |
|
Пляцковский |
| b |
|
М |
| 4 |
|
520 |
| 464 |
Аналитический уровень |
_0 |
| 1 |
|
2001 |
| a |
|
Малиновка |
| e |
|
Малиновки заслыша голосок... |
| 1 |
|
700 1 |
| a |
|
Ханок |
| b |
|
Э. |
| 1 |
|
702 1 |
| a |
|
Поперечный |
| b |
|
А. |
| 4 |
|
520 |
| 464 |
Аналитический уровень |
_0 |
| 1 |
|
2001 |
| a |
|
Сладка ягода |
| e |
|
Сладка ягода в лес поманит... |
| 1 |
|
700 1 |
| a |
|
Птичкин |
| b |
|
Е. |
| 1 |
|
702 1 |
| a |
|
Рождественский |
| b |
|
Р. |
| 4 |
|
520 |
| 464 |
Аналитический уровень |
_0 |
| 1 |
|
2001 |
| a |
|
А я еду за туманом |
| e |
|
Понимаешь, это странно, очень странно... |
| 1 |
|
700 1 |
| a |
|
Кукин |
| b |
|
Ю. |
| 1 |
|
702 1 |
| a |
|
Кукин |
| b |
|
Ю. |
| 4 |
|
520 |
| 464 |
Аналитический уровень |
_0 |
| 1 |
|
2001 |
| a |
|
Московские окна |
| e |
|
Вот опять небес темнеет высь... |
| 1 |
|
700 1 |
| a |
|
Хренников |
| e |
|
Т. |
| 1 |
|
702 1 |
| a |
|
Матусовский |
| b |
|
А. |
| 4 |
|
520 |
| 464 |
Аналитический уровень |
_0 |
| 1 |
|
2001 |
| a |
|
Песенка шофера |
| e |
|
Ветер за кабиною носится с пылью... |
| 1 |
|
700 1 |
| a |
|
Санторо |
| b |
|
К. |
| 1 |
|
702 1 |
| a |
|
Дербенев |
| b |
|
Л |
| 4 |
|
520 |
| 464 |
Аналитический уровень |
_0 |
| 1 |
|
2001 |
| a |
|
Сочи |
| 464 |
Аналитический уровень |
_0 |
| 1 |
|
2001 |
| a |
|
Песенка о капитане |
| e |
|
Жил отважный капитан... |
| e |
|
из кф. "Дети капитана Гранта" |
| 1 |
|
700 1 |
| a |
|
Дунаевский |
| b |
|
И. |
| 1 |
|
702 1 |
| a |
|
Лебедев-Кумач |
| b |
|
В. |
| 4 |
|
520 |
| 1 |
|
50010 |
| a |
|
Дети капитана Гранта |
| 464 |
Аналитический уровень |
_0 |
| 1 |
|
2001 |
| a |
|
Поручение |
| e |
|
В Москве в отдаленном районе... |
| e |
|
из кф. "Испытание верности" |
| 1 |
|
700 1 |
| a |
|
Мокроусов |
| b |
|
Б. |
| 1 |
|
702 1 |
| a |
|
Матусовский |
| b |
|
М. |
| 4 |
|
520 |
| 1 |
|
50010 |
| a |
|
Испытание верности |
| 606 |
Тематические рубрики |
0_ |
| a |
Основная рубрика |
Авторские песни |
| 606 |
Тематические рубрики |
0_ |
| a |
Основная рубрика |
Музыка из кинофильмов |
| x |
Основная подрубрика |
Киномузыка |
| 610 |
Ключевые слова |
0_ |
| a |
Ключевые слова |
музыка кино |
| 686 |
Индексы других классификаций |
__ |
| a |
Классификационный индекс |
85.956.41я43 |
| a |
Классификационный индекс |
85.954я43 |
| a |
Классификационный индекс |
85.943.4-99-041.5я43 |
| 2 |
Код системы |
rubbk |
| 702 |
Вторичная интеллектуальная ответственность |
_1 |
| a |
Фамилия |
Павленко |
| b |
Имя (инициалы) |
Б. М. |
| 4 |
Код отношения |
220 |
| 801 |
Источник записи |
_0 |
| a |
Страна |
RU |
| b |
Организация |
Ульяновская государственная областная научная библиотека им.В.И.Ленина |
| c |
Дата составления |
20130219 |
| g |
Правила каталогизации |
PSBO |
| 801 |
Источник записи |
_1 |
| a |
Страна |
RU |
| b |
Организация |
Ульяновская государственная областная научная библиотека им.В.И.Ленина |
| c |
Дата составления |
20130219 |
| 901 |
Тип документа |
__ |
| t |
Тип документа |
m |
| 909 |
Создатель записи |
__ |
| a |
Создатель записи |
Никитина Т. А. |
| 938 |
Служебная информация |
__ |
| a |
Имя БД |
noti |
| b |
Имя библиотеки |
УОНБ |
| c |
Имя АИБС |
МАРК-SQL |
| d |
Номер DOC_ID в БД |
10994 |